000 01196nam0a22002771 4500
001 rc\773497
005 20250622125731.0
035 _a(NLR Aleph) 006299927
090 _a7240414
_c7240414
100 _a20040301d1984 |||y0rusy50 ca
101 0 _arus
102 _aRU
105 _aa |||||||||
200 1 _aАктуальные проблемы молекулярной, клеточной и клинической иммунологии
_e[Сб. ст.]
_fПод ред. акад. Г.И. Марчука и акад. АМН СССР Р.В. Петрова
210 _aМ.
_cВИНИТИ
_d1984
215 _a249 с., 1 отд. л. табл.
_cил.
_d21
225 1 _aИтоги науки и техники
_fВИНИТИ
_iСерия "Иммунология"
_vТ. 13
300 _aВ надзаг. также: Гос. ком. СССР по науке и технике, АН СССР
320 _aБиблиогр. в конце ст.
320 _aНа обл. только загл. сер.
702 1 _aМарчук
_bГ.И.
_f1925-
_gГурий Иванович
_4340
801 0 _aRU
_bNLR
_gpsbo
801 1 _aRU
_bELAR
_2rusmarc
852 _aNLR
_jП16/1263
942 _cBOOK
980 _aNB